000 01888nam1a2200361 i 4500
001 RU\NLR\bibl\1949185
005 20260409072420.0
035 _a(NLR Aleph) 001938351
090 _a3531032
_c3531032
100 _a20120927g20129999u y0rusy50 ca
101 0 _arus
102 _aRU
105 _a||||z |||||
200 1 _aКультура. Образование. Наука
_eсборник научных трудов
_fВолгогр. гос. акад. повышения квалификации и переподгот. работников образования, Каф. обществ. наук
_gпод ред. проф. Д.В. Полежаева
210 _aМосква
_cПланета
_d2012
215 _d21
300 _aГоду российской истории посвящается
463 0 _10011942629
463 0 _10011942632
463 0 _10012036156
463 0 _10012036150
606 _aОбразование
_jСборники
_3RU\NLR\auth\661010307
_91614809
686 1 _aЧ34(0)я43
702 1 _aПолежаев
_bД. В.
_gДмитрий Владимирович
_4340
712 0 2 _4570
_aВолгоградская государственная академия повышения квалификации и переподготовки работников образования
_bКафедра общественных наук
_3RU\NLR\AUTH\8810195175
_9279731
712 0 2 _4570
_aВолгоградская государственная академия последипломного образования
_3RU\NLR\AUTH\880383539
_9433282
801 0 _aRU
_bNLR
_c20120927
_gRCR
801 1 _aRU
_bNLR
_c20120927
830 _aред. раскрыт по кн.
852 _aNLR
_j2012-3/26880
942 _cBOOK